Verhandelingen / (Record no. 1774)
[ view plain ]
| 000 -LEADER | |
|---|---|
| fixed length control field | 01626cas a22003971a 4500 |
| 001 - CONTROL NUMBER | |
| control field | data |
| 005 - DATE AND TIME OF LATEST TRANSACTION | |
| control field | 20260322212117.0 |
| 008 - FIXED-LENGTH DATA ELEMENTS--GENERAL INFORMATION | |
| fixed length control field | data |
| 035 ## - SYSTEM CONTROL NUMBER | |
| System control number | 11134472 |
| 010 ## - LIBRARY OF CONGRESS CONTROL NUMBER | |
| LC control number | 07006378 |
| Canceled/invalid LC control number | sn 77010175 |
| 035 ## - SYSTEM CONTROL NUMBER | |
| System control number | (OCoLC)1639322 |
| 040 ## - CATALOGING SOURCE | |
| Original cataloging agency | DLC |
| Language of cataloging | eng |
| Transcribing agency | MUL |
| Modifying agency | OCLCL |
| -- | NYG |
| -- | NYS |
| -- | DLC |
| -- | OCLCQ |
| -- | OCLCF |
| -- | OCLCO |
| -- | OCLCQ |
| -- | DLC |
| -- | OCLCL |
| 042 ## - AUTHENTICATION CODE | |
| Authentication code | premarc |
| -- | premarc |
| 050 00 - LIBRARY OF CONGRESS CALL NUMBER | |
| Classification number | AS244 |
| Item number | .H22 |
| 082 04 - DEWEY DECIMAL CLASSIFICATION NUMBER | |
| Classification number | 069 |
| Item number | T35 |
| Real World Object URI | https://id.oclc.org/worldcat/ddc/E4btJr83MDvKW7YDpWFg8RXFWc |
| 110 2# - MAIN ENTRY--CORPORATE NAME | |
| Corporate name or jurisdiction name as entry element | Teyler's Tweede Genootschap. |
| 245 10 - TITLE STATEMENT | |
| Title | Verhandelingen / |
| Statement of responsibility, etc. | uitgegeven door Teyler's Tweede Genootschap. |
| 260 ## - PUBLICATION, DISTRIBUTION, ETC. | |
| Place of publication, distribution, etc. | Haarlem : |
| Name of publisher, distributor, etc. | De Erven F. Bohn, |
| Date of publication, distribution, etc. | 1781- |
| 300 ## - PHYSICAL DESCRIPTION | |
| Extent | volumes : |
| Other physical details | illustrations, maps ; |
| Dimensions | 24 cm |
| 310 ## - CURRENT PUBLICATION FREQUENCY | |
| Current publication frequency | Irregular |
| 336 ## - CONTENT TYPE | |
| Content type term | text |
| Content type code | txt |
| Source | rdacontent |
| 337 ## - MEDIA TYPE | |
| Media type term | unmediated |
| Media type code | n |
| Source | rdamedia |
| 338 ## - CARRIER TYPE | |
| Carrier type term | volume |
| Carrier type code | nc |
| Source | rdacarrier |
| 362 1# - DATES OF PUBLICATION AND/OR SEQUENTIAL DESIGNATION | |
| Dates of publication and/or sequential designation | Began with 1, in 1781; ceased publication. |
| 500 ## - GENERAL NOTE | |
| General note | Part 9 of v. 26 (first series)--was published 1866. |
| 500 ## - GENERAL NOTE | |
| General note | Monographs, having separate title pages except in a few of the earlier volumes. |
| 515 ## - NUMBERING PECULIARITIES NOTE | |
| Numbering peculiarities note | The following vols. are in part, separately paged: v. 26 (first series) in 9 parts; new ser., v. 2, in 2 parts and atlas; v. 3 in 3 parts and atlas; v. 4-5 each in 2 parts. |
| 588 0# - SOURCE OF DESCRIPTION NOTE | |
| Source of description note | Nieuwe reeks, 2. d. (1878). |
| 588 1# - SOURCE OF DESCRIPTION NOTE | |
| Source of description note | Nieuwe reeks, 8. d. (1912). |
| 650 #0 - SUBJECT ADDED ENTRY--TOPICAL TERM | |
| Topical term or geographic name entry element | Science. |
| 650 #7 - SUBJECT ADDED ENTRY--TOPICAL TERM | |
| Topical term or geographic name entry element | Science. |
| Source of heading or term | fast |
| Authority record control number or standard number | (OCoLC)fst01108176 |
| 776 08 - ADDITIONAL PHYSICAL FORM ENTRY | |
| Relationship information | Online version: |
| Main entry heading | Teyler's Tweede Genootschap. |
| Title | Verhandelingen |
| Record control number | (OCoLC)658801179 |
| 906 ## - LOCAL DATA ELEMENT F, LDF (RLIN) | |
| a | 7 |
| b | cbc |
| c | serials |
| d | u |
| e | ncip |
| f | 19 |
| g | n-oclcserc |
| 991 ## - | |
| -- | c-GenColl |
| -- | AS244 |
| -- | .H22 |
| -- | SERIALS |
| Withdrawn status | Lost status | Damaged status | Not for loan | Home library | Current library | Shelving location | Date acquired | Total checkouts | Full call number | Barcode | Date last seen | Price effective from | Koha item type |
|---|---|---|---|---|---|---|---|---|---|---|---|---|---|
| Franklin | Franklin | General stacks | 22/03/2026 | 069 | LOC-FRL-00010 | 22/03/2026 | 22/03/2026 | Books |